[Event "Baku President's Cup 2nd"]
[Site "Baku"]
[Date "2007.05.08"]
[Round "6"]
[White "Shukurova, Meihriban"]
[Black "Kadimova, Ilaha"]
[Result "1/2-1/2"]
[WhiteElo "2193"]
[BlackElo "2339"]
[PlyCount "64"]
[EventDate "2007.05.03"]
[EventType "swiss"]
[EventRounds "9"]
[EventCountry "AZE"]
[SourceTitle "CBM 118 Extra"]
[Source "ChessBase"]
[SourceDate "2007.07.04"]
[SourceVersion "1"]
[SourceVersionDate "2007.07.04"]
[SourceQuality "1"]

1. e4 c6 2. d4 d5 3. Nc3 dxe4 4. Nxe4 Bf5 5. Ng3 Bg6 6. h4 h6 7. Nf3 Nd7 8. h5 Bh7 9. Bd3 Bxd3 10. Qxd3 e6 11. Bd2 Ngf6 12. c4 Qc7 13. 0-0-0 Bd6 14. Ne4 Bf4 15. Kb1 Bxd2 16. Nfxd2 0-0 17. Qf3 c5 18. dxc5 Nxe4 19. Nxe4 Nxc5 20. Nc3 a6 21. g4 Rad8 22. Qe3 Nd7 23. b3 Qe5 24. Rhe1 Qxe3 25. Rxe3 Nf6 26. f3 Rxd1+ 27. Nxd1 Rd8 28. Kc2 Kf8 29. Nc3 Ke7 30. a3 Rd4 31. Ne2 Rd8 32. Nf4 Nd7 1/2-1/2

[Event "EU-ch (Women) 8th"]
[Site "Dresden"]
[Date "2007.04.05"]
[Round "3"]
[White "Shukurova, Meihriban"]
[Black "Chelushkina, Irina"]
[Result "1/2-1/2"]
[WhiteElo "2220"]
[BlackElo "2338"]
[PlyCount "108"]
[EventDate "2007.04.03"]
[EventType "swiss"]
[EventRounds "11"]
[EventCountry "GER"]
[SourceTitle "CBM 117 Extra"]
[Source "ChessBase"]
[SourceDate "2007.05.09"]
[SourceVersion "1"]
[SourceVersionDate "2007.05.09"]
[SourceQuality "1"]

1. d4 Nf6 2. Bg5 d5 3. Bxf6 exf6 4. e3 Bd6 5. Nf3 Nc6 6. c3 Ne7 7. Bd3 c6 8. Nbd2 a5 9. a4 Bd7 10. 0-0 0-0 11. Qc2 h6 12. c4 Bc7 13. b3 Bg4 14. Rfb1 Rc8 15. c5 b6 16. b4 axb4 17. Rxb4 Ra8 18. Rab1 bxc5 19. dxc5 Bc8 20. Nb3 Qe8 21. Nbd4 Ng6 22. Bf5 Ba6 23. Bd3 Bc8 24. Bf5 Ba6 25. Bd3 Bxd3 26. Qxd3 Ne5 27. Qf5 Nxf3+ 28. Qxf3 Ra7 29. g3 Be5 30. Nf5 g6 31. Nxh6+ Kg7 32. Ng4 Qe7 33. Nxe5 fxe5 34. Qe2 Qxc5 35. Qb2 Qe7 36. f4 c5 37. Rb5 Rxa4 38. fxe5 Kh7 39. Rf1 d4 40. exd4 Rxd4 41. Rb7 Qe6 42. Qf2 Kg8 43. Rc7 Qd5 44. e6 Qxe6 45. Rxc5 Rd5 46. Rc2 Re5 47. Qa7 Re1 48. Rcf2 Rxf1+ 49. Rxf1 Rd8 50. Qf2 Re8 51. Rc1 Qg4 52. Re1 Rc8 53. Qe2 Qf5 54. Qf2 Qxf2+ 1/2-1/2

[Event "EU-ch (Women) 8th"]
[Site "Dresden"]
[Date "2007.04.03"]
[Round "1"]
[White "Shukurova, Meihriban"]
[Black "Ovod, Evgenija"]
[Result "0-1"]
[WhiteElo "2220"]
[BlackElo "2410"]
[PlyCount "96"]
[EventDate "2007.04.03"]
[EventType "swiss"]
[EventRounds "11"]
[EventCountry "GER"]
[SourceTitle "CBM 117 Extra"]
[Source "ChessBase"]
[SourceDate "2007.05.09"]
[SourceVersion "1"]
[SourceVersionDate "2007.05.09"]
[SourceQuality "1"]

1. e4 e5 2. Nf3 Nc6 3. Bb5 Bc5 4. c3 Nf6 5. Qe2 0-0 6. d3 d6 7. Bg5 h6 8. Bh4 Bb6 9. h3 g5 10. Nxg5 hxg5 11. Bxg5 Kg7 12. Rf1 Qe8 13. f4 Nh7 14. Qh5 f6 15. Bh6+ Kh8 16. Qh4 Rg8 17. g4 exf4 18. Bxf4 d5 19. Nd2 Bd7 20. 0-0-0 Ne7 21. Bxd7 Qxd7 22. Bh6 Ng6 23. Qh5 d4 24. c4 Ne5 25. Nf3 Rae8 26. g5 Qf7 27. Qh4 Nxd3+ 28. Kb1 Qxc4 29. gxf6 Nb4 30. Bg7+ Rxg7 31. fxg7+ Kxg7 32. Rg1+ Kh8 33. Ng5 Qxa2+ 34. Kc1 Qc4+ 35. Kb1 Qc2+ 36. Ka1 Qa4+ 37. Kb1 Qa2+ 38. Kc1 Qc4+ 39. Kb1 Re7 40. Qf4 Qc2+ 41. Ka1 Qa4+ 42. Kb1 Qa2+ 43. Kc1 Qa1+ 44. Kd2 Qxb2+ 45. Ke1 Nc2+ 46. Ke2 d3+ 47. Kf3 Bxg1 48. Rxg1 Qf6 0-1

[Event "Baku President's Cup 1st"]
[Site "Baku"]
[Date "2006.05.04"]
[Round "1"]
[White "Shukurova, Meihriban"]
[Black "Mamedyarov, Shakhriyar"]
[Result "0-1"]
[WhiteElo "2205"]
[BlackElo "2699"]
[PlyCount "76"]
[EventDate "2006.05.03"]
[EventType "swiss"]
[EventRounds "9"]
[EventCountry "AZE"]
[SourceTitle "CBM 112 Extra"]
[Source "ChessBase"]
[SourceDate "2006.07.14"]
[SourceVersion "1"]
[SourceVersionDate "2006.07.14"]
[SourceQuality "1"]

1. e4 Nf6 2. e5 Nd5 3. d4 d6 4. c4 Nb6 5. exd6 exd6 6. Nc3 Be7 7. Be3 Nc6 8. Be2 0-0 9. Nf3 Bg4 10. b3 f5 11. 0-0 f4 12. Bc1 Bf6 13. Bb2 Kh8 14. Ne4 d5 15. Nxf6 Qxf6 16. Rc1 Rad8 17. c5 Nc8 18. Qd2 N8e7 19. b4 Nf5 20. Rcd1 Rde8 21. Rfe1 Qg6 22. Kh1 a6 23. a4 Qh5 24. b5 axb5 25. axb5 Na5 26. Ne5 Rxe5 27. Bxg4 Rxe1+ 28. Rxe1 Qxg4 29. f3 Ng3+ 30. Kg1 Nc4 31. fxg4 Nxd2 32. hxg3 f3 33. Kf2 Ne4+ 34. Ke3 fxg2 35. Rg1 Rf2 36. Ba3 Ra2 37. Bb4 Ng5 38. Bd2 Rxd2 0-1

[Event "EU-ch (Women) 7th"]
[Site "Kusadasi"]
[Date "2006.04.14"]
[Round "10"]
[White "Shukurova, Meihriban"]
[Black "Kachiani Gersinska, Ketino"]
[Result "1-0"]
[WhiteElo "2207"]
[BlackElo "2421"]
[PlyCount "143"]
[EventDate "2006.04.04"]
[EventType "swiss"]
[EventRounds "11"]
[EventCountry "TUR"]
[SourceTitle "CBM 111 Extra"]
[Source "ChessBase"]
[SourceDate "2006.05.09"]
[SourceVersion "1"]
[SourceVersionDate "2006.05.09"]
[SourceQuality "1"]

1. d4 Nf6 2. Nf3 g6 3. c4 Bg7 4. Nc3 0-0 5. e4 d6 6. Be2 e5 7. 0-0 Na6 8. dxe5 dxe5 9. Qxd8 Rxd8 10. h3 Re8 11. Be3 c6 12. Rfd1 Bf8 13. a3 Nc5 14. Nd2 a5 15. b4 Ne6 16. c5 Nd4 17. Bd3 Be6 18. Ne2 Nb3 19. Nxb3 Bxb3 20. Rdb1 a4 21. Re1 Nh5 22. g4 Ng7 23. Nc1 Be6 24. Bc2 h5 25. f3 Bc4 26. Ne2 Ne6 27. Rad1 Be7 28. Rd2 Red8 29. Red1 Rxd2 30. Rxd2 Bg5 31. Kf2 Bh4+ 32. Kf1 Kf8 33. Bd3 Bb3 34. gxh5 gxh5 35. f4 f6 36. Bf2 Bxf2 37. Kxf2 exf4 38. Kf3 Ng5+ 39. Kxf4 Nxh3+ 40. Ke3 h4 41. Nd4 Ng5 42. Rf2 Ke7 43. Nf5+ Ke6 44. Nxh4 Rh8 45. Ng6 Rh3+ 46. Ke2 Rh1 47. Ke3 Re1+ 48. Kd4 Ra1 49. e5 fxe5+ 50. Nxe5 Rxa3 51. Rf5 Bd5 52. Rxg5 Rb3 53. Rg6+ Ke7 54. Rg7+ Ke6 55. Rxb7 a3 56. Ra7 Rxb4+ 57. Nc4 Rb8 58. Rxa3 Rh8 59. Nd6 Rh4+ 60. Be4 Rg4 61. Rh3 Ke7 62. Ke5 Bxe4 63. Nxe4 Rg1 64. Rh7+ Kd8 65. Rh8+ Kc7 66. Rh7+ Kc8 67. Nd6+ Kd8 68. Nf7+ Kc8 69. Kd6 Rg6+ 70. Ke7 Kb7 71. Ne5 Rg5 72. Kf6+ 1-0

[Event "EU-ch (Women) 7th"]
[Site "Kusadasi"]
[Date "2006.04.13"]
[Round "9"]
[White "Shukurova, Meihriban"]
[Black "Tsiganova, Monika"]
[Result "1-0"]
[WhiteElo "2207"]
[BlackElo "2282"]
[PlyCount "67"]
[EventDate "2006.04.04"]
[EventType "swiss"]
[EventRounds "11"]
[EventCountry "TUR"]
[SourceTitle "CBM 111 Extra"]
[Source "ChessBase"]
[SourceDate "2006.05.09"]
[SourceVersion "1"]
[SourceVersionDate "2006.05.09"]
[SourceQuality "1"]

1. e4 c5 2. Nc3 Nc6 3. Nf3 e5 4. Bc4 d6 5. d3 h6 6. Be3 Nf6 7. h3 Be7 8. Qd2 a6 9. a4 Nd4 10. Nh2 Be6 11. 0-0 0-0 12. Bxe6 fxe6 13. Ne2 Nh5 14. Rab1 Qe8 15. c3 Nb3 16. Qd1 c4 17. dxc4 Nc5 18. Bxc5 dxc5 19. Ng4 Rd8 20. Qc2 Nf4 21. Nxf4 exf4 22. f3 Bh4 23. Rfd1 Qg6 24. Rxd8 Rxd8 25. Rd1 Rxd1+ 26. Qxd1 h5 27. Ne5 Qg3 28. Qd2 Bf6 29. Nd3 g5 30. Nxc5 g4 31. hxg4 Qh4 32. gxh5 Qg5 33. Nxe6 Qxh5 34. Nxf4 1-0

[Event "EU-ch (Women) 7th"]
[Site "Kusadasi"]
[Date "2006.04.12"]
[Round "8"]
[White "Agrest, Inna"]
[Black "Shukurova, Meihriban"]
[Result "0-1"]
[WhiteElo "2030"]
[BlackElo "2207"]
[PlyCount "96"]
[EventDate "2006.04.04"]
[EventType "swiss"]
[EventRounds "11"]
[EventCountry "TUR"]
[SourceTitle "CBM 111 Extra"]
[Source "ChessBase"]
[SourceDate "2006.05.09"]
[SourceVersion "1"]
[SourceVersionDate "2006.05.09"]
[SourceQuality "1"]

1. e4 d6 2. d4 Nf6 3. Nc3 e5 4. Nf3 Nbd7 5. Bc4 Be7 6. 0-0 0-0 7. h3 c6 8. a4 Nxe4 9. Nxe4 d5 10. Bb3 dxe4 11. Nxe5 Bd6 12. f4 Nf6 13. g4 Qe7 14. g5 Nd5 15. Ng4 e3 16. Rf3 Nxf4 17. Bxe3 Qxg5 18. Bxf4 Bxf4 19. Kf2 Bxg4 20. hxg4 Qh4+ 21. Kf1 Qxg4 22. Qe2 g5 23. Qd3 Kg7 24. c3 Rae8 25. Bc2 f5 26. Rh3 Bc7 27. Kf2 Qf4+ 28. Kg1 g4 29. Rf1 Qg5 30. Rh1 Kg6 31. Rxf5 Rxf5 32. Qxf5+ Qxf5 33. Bxf5+ Kxf5 34. Rxh7 Bf4 35. Rxb7 g3 36. Rxa7 Re1+ 37. Kg2 Re2+ 38. Kf1 g2+ 39. Kxe2 g1Q 40. Kd3 Qg3+ 41. Kc2 Qg2+ 42. Kb3 Bc1 43. Ra5+ Ke6 44. Re5+ Kd6 45. Re8 Qxb2+ 46. Kc4 Bd2 47. Kd3 Qxc3+ 48. Ke2 Bg5 0-1

[Event "EU-ch (Women) 7th"]
[Site "Kusadasi"]
[Date "2006.04.07"]
[Round "4"]
[White "Shukurova, Meihriban"]
[Black "Sedina, Elena"]
[Result "0-1"]
[WhiteElo "2207"]
[BlackElo "2371"]
[PlyCount "98"]
[EventDate "2006.04.04"]
[EventType "swiss"]
[EventRounds "11"]
[EventCountry "TUR"]
[SourceTitle "CBM 111 Extra"]
[Source "ChessBase"]
[SourceDate "2006.05.09"]
[SourceVersion "1"]
[SourceVersionDate "2006.05.09"]
[SourceQuality "1"]

1. Nf3 Nf6 2. g3 d5 3. Bg2 c6 4. d3 Bg4 5. Nbd2 Nbd7 6. b3 e5 7. Bb2 Bd6 8. 0-0 0-0 9. h3 Bh5 10. e4 Re8 11. Qe1 Qc7 12. Kh1 Rad8 13. Nh4 a6 14. Nf5 Bf8 15. f4 dxe4 16. dxe4 Bg6 17. Nh4 exf4 18. gxf4 Nh5 19. Qe3 Bc5 20. Qf3 Ndf6 21. Bxf6 Rxd2 22. Qc3 Nxf6 23. Nxg6 Rxg2 24. Kxg2 Nxe4 25. Rae1 hxg6 26. Rxe4 Rxe4 27. Qxc5 Rxf4 28. Re1 Qd7 29. Re7 Qd2+ 30. Kg3 Rf5 31. Qe3 Rg5+ 32. Kf4 Qd5 33. Qe4 Rf5+ 34. Ke3 Qxe4+ 35. Kxe4 Rf2 36. Rxb7 Rxc2 37. a4 Rh2 38. Rb6 Rxh3 39. Rxc6 Rxb3 40. Rxa6 Kh7 41. Ra7 f5+ 42. Kf4 Rb4+ 43. Kg3 g5 44. a5 Rb3+ 45. Kg2 Ra3 46. a6 Kg6 47. Ra8 g4 48. a7 Kg5 49. Kf2 g3+ 0-1

[Event "Bykova Memorial-B (Women)"]
[Site "Vladimir"]
[Date "2005.12.18"]
[Round "13"]
[White "Shukurova, Meihriban"]
[Black "Schepetkova, Margarita"]
[Result "1-0"]
[WhiteElo "2255"]
[BlackElo "2124"]
[PlyCount "87"]
[EventDate "2005.12.07"]
[EventType "tourn"]
[EventRounds "13"]
[EventCountry "RUS"]
[SourceTitle "CBM 109 Extra"]
[Source "ChessBase"]
[SourceDate "2006.01.03"]
[SourceVersion "2"]
[SourceVersionDate "2006.01.03"]
[SourceQuality "1"]

1. d4 Nf6 2. Bg5 d5 3. Bxf6 exf6 4. e3 c6 5. c3 Qb6 6. Qc2 Bd6 7. Bd3 g6 8. Nf3 0-0 9. Nbd2 Nd7 10. h4 Re8 11. h5 Nf8 12. hxg6 fxg6 13. 0-0-0 Qa5 14. Rh6 Re7 15. Rdh1 Rg7 16. Nh4 Bd7 17. Nxg6 hxg6 18. Bxg6 Nxg6 19. Rxg6 Bf8 20. Rxf6 Qxa2 21. Rfh6 Qa1+ 22. Nb1 Re8 23. Rf6 b5 24. Qd1 Be7 25. Rf4 Bg5 26. Qh5 Bxf4 27. exf4 Re6 28. f5 Rf6 29. g4 b4 30. Qh8+ Kf7 31. Qd8 Bxf5 32. gxf5 bxc3 33. Qd7+ Kg8 34. Qe8+ Rf8 35. Qe6+ Rff7 36. bxc3 Qa2 37. f6 Rg5 38. Qe8+ Rf8 39. Qe7 Rf7 40. Qd8+ Rf8 41. f7+ Kxf7 42. Qxg5 Qe2 43. Rh7+ Ke8 44. Qg6+ 1-0

[Event "Bykova Memorial-B (Women)"]
[Site "Vladimir"]
[Date "2005.12.17"]
[Round "12"]
[White "Mamedjarova, Turkan"]
[Black "Shukurova, Meihriban"]
[Result "0-1"]
[WhiteElo "2188"]
[BlackElo "2255"]
[PlyCount "100"]
[EventDate "2005.12.07"]
[EventType "tourn"]
[EventRounds "13"]
[EventCountry "RUS"]
[SourceTitle "CBM 109 Extra"]
[Source "ChessBase"]
[SourceDate "2006.01.03"]
[SourceVersion "2"]
[SourceVersionDate "2006.01.03"]
[SourceQuality "1"]

1. d4 Nf6 2. Nf3 g6 3. e3 Bg7 4. c4 0-0 5. Nc3 d5 6. c5 c6 7. Be2 b5 8. 0-0 Nbd7 9. b4 a5 10. Rb1 axb4 11. Rxb4 Ne4 12. Nxe4 dxe4 13. Nd2 Nf6 14. Qc2 Nd5 15. Rb1 f5 16. a3 Be6 17. Re1 g5 18. h3 Qe8 19. Nf1 h5 20. Bb2 f4 21. exf4 gxf4 22. Qxe4 Bf5 23. Qf3 Qg6 24. Nd2 Bxb1 25. Rxb1 Qc2 26. Qd3 Qxd3 27. Bxd3 Rfb8 28. Re1 b4 29. a4 Rxa4 30. Re6 Ra2 31. Nc4 Nc3 32. Rxc6 Bxd4 33. Rg6+ Kf7 34. c6 Rc8 35. Rh6 Ra7 36. Kh2 Rac7 37. Na5 Bxf2 38. Rh7+ Kg8 39. Rxh5 Bg3+ 40. Kg1 Rd8 41. Bc4+ Kg7 42. Re5 Rd1+ 43. Bf1 Kg6 44. Bxc3 bxc3 45. Rc5 e5 46. Rxc3 e4 47. Nc4 e3 48. Rc2 Kf5 49. Na3 Rxc6 50. Nc4 Rxc4 0-1

[Event "Bykova Memorial-B (Women)"]
[Site "Vladimir"]
[Date "2005.12.16"]
[Round "11"]
[White "Shukurova, Meihriban"]
[Black "Zakurdjaeva, Irina"]
[Result "1-0"]
[WhiteElo "2255"]
[BlackElo "2285"]
[PlyCount "108"]
[EventDate "2005.12.07"]
[EventType "tourn"]
[EventRounds "13"]
[EventCountry "RUS"]
[SourceTitle "CBM 109 Extra"]
[Source "ChessBase"]
[SourceDate "2006.01.03"]
[SourceVersion "2"]
[SourceVersionDate "2006.01.03"]
[SourceQuality "1"]

1. d4 e6 2. c4 Nf6 3. Nf3 b6 4. Nc3 Bb4 5. Bg5 Bb7 6. e3 0-0 7. Be2 Bxc3+ 8. bxc3 d6 9. 0-0 Nbd7 10. Nd2 Qc8 11. Bd3 e5 12. f3 h6 13. Bh4 Re8 14. Bf5 Nh7 15. Qe1 g6 16. Qg3 Kh8 17. Be4 Ndf8 18. Qf2 f5 19. Bxb7 Qxb7 20. Qe2 g5 21. Bf2 Nf6 22. e4 f4 23. c5 dxc5 24. dxc5 b5 25. a4 a6 26. Rfb1 Red8 27. Nc4 Re8 28. Na5 Qa7 29. c4 c6 30. Nxc6 Qc7 31. cxb5 a5 32. Rd1 Re6 33. Ra2 h5 34. Rad2 g4 35. Nd8 Re8 36. b6 Qe7 37. Nc6 Qg7 38. Rd6 gxf3 39. Qxf3 N8h7 40. Bh4 Ng4 41. Rd7 Qf8 42. Ne7 Qf7 43. b7 Rab8 44. Nc6 Qc4 45. Nxb8 Ng5 46. Bxg5 Qxc5+ 47. Kh1 Nf2+ 48. Qxf2 Qxf2 49. Bf6+ Kg8 50. Rg7+ Kh8 51. Rg4+ Kh7 52. Rd7+ Kh6 53. Bg7+ Kh7 54. Bxe5+ Kh6 1-0

[Event "Bykova Memorial (Women)"]
[Site "Vladimir"]
[Date "2004.12.18"]
[Round "11"]
[White "Dembo, Yelena"]
[Black "Shukurova, Meihriban"]
[Result "1/2-1/2"]
[WhiteElo "2396"]
[BlackElo "2281"]
[PlyCount "61"]
[EventDate "2004.12.07"]
[EventType "tourn"]
[EventRounds "11"]
[EventCountry "RUS"]
[EventCategory "3"]
[SourceTitle "CBM 103 Extra"]
[Source "ChessBase"]
[SourceDate "2005.01.01"]
[SourceVersion "1"]
[SourceVersionDate "2005.01.01"]
[SourceQuality "1"]

1. e4 c5 2. Nf3 e6 3. d4 cxd4 4. Nxd4 a6 5. Nc3 Qc7 6. Be2 b5 7. 0-0 Bb7 8. a3 Nf6 9. Qd3 Nc6 10. Nxc6 Bxc6 11. f4 Bc5+ 12. Kh1 Qb7 13. Bf3 d6 14. b4 Bb6 15. Bb2 0-0 16. Rae1 Rad8 17. Nd1 e5 18. Qe2 Rfe8 19. fxe5 dxe5 20. Bc1 Rd6 21. Bg5 h6 22. Bxf6 Rxf6 23. Nc3 Bd4 24. Nd5 Bxd5 25. exd5 Bc3 26. Rd1 e4 27. d6 exf3 28. Qxe8+ Kh7 29. Rxf3 Rxf3 30. Qe2 Rf4 31. Qd3+ 1/2-1/2

[Event "Bykova Memorial (Women)"]
[Site "Vladimir"]
[Date "2004.12.15"]
[Round "8"]
[White "Kursova, Maria"]
[Black "Shukurova, Meihriban"]
[Result "1-0"]
[WhiteElo "2315"]
[BlackElo "2281"]
[PlyCount "83"]
[EventDate "2004.12.07"]
[EventType "tourn"]
[EventRounds "11"]
[EventCountry "RUS"]
[EventCategory "3"]
[SourceTitle "CBM 103 Extra"]
[Source "ChessBase"]
[SourceDate "2005.01.01"]
[SourceVersion "1"]
[SourceVersionDate "2005.01.01"]
[SourceQuality "1"]

1. d4 Nf6 2. Nf3 g6 3. c4 d5 4. cxd5 Nxd5 5. g3 Bg7 6. Bg2 0-0 7. 0-0 Nc6 8. Nc3 Nxc3 9. bxc3 Na5 10. Bf4 Be6 11. e4 Bc4 12. Re1 c5 13. Qd2 cxd4 14. cxd4 Rc8 15. Bh6 b5 16. h4 Qb6 17. Bxg7 Kxg7 18. h5 Be6 19. h6+ Kg8 20. d5 Bg4 21. Nh2 Bd7 22. e5 Bf5 23. g4 Rc2 24. Qf4 Bd7 25. d6 Qd8 26. Rad1 Bc6 27. Bxc6 Rxc6 28. d7 Nb7 29. Nf3 Nc5 30. Nd4 Qxd7 31. Nxc6 Qxc6 32. Qd4 Ne6 33. Qe4 Qc3 34. Re3 Qb2 35. Qb1 Qxb1 36. Rxb1 Rb8 37. Rd3 a6 38. Rd7 Kf8 39. Ra7 Nd4 40. Rxa6 Nf3+ 41. Kg2 Nxe5 42. Rxb5 1-0

[Event "Bykova Memorial (Women)"]
[Site "Vladimir"]
[Date "2004.12.09"]
[Round "3"]
[White "Shukurova, Meihriban"]
[Black "Shadrina, Tatiana"]
[Result "0-1"]
[WhiteElo "2281"]
[BlackElo "2401"]
[PlyCount "146"]
[EventDate "2004.12.07"]
[EventType "tourn"]
[EventRounds "11"]
[EventCountry "RUS"]
[EventCategory "3"]
[SourceTitle "CBM 103 Extra"]
[Source "ChessBase"]
[SourceDate "2005.01.01"]
[SourceVersion "1"]
[SourceVersionDate "2005.01.01"]
[SourceQuality "1"]

1. e4 c5 2. Nf3 e6 3. Nc3 a6 4. d4 cxd4 5. Nxd4 b5 6. Bd3 Bc5 7. Nb3 Be7 8. 0-0 d6 9. f4 Nd7 10. Be3 Ngf6 11. Bd4 e5 12. Be3 Bb7 13. a3 0-0 14. Qf3 Rc8 15. Rae1 Nb6 16. Bc1 Nc4 17. Ne2 d5 18. Ng3 dxe4 19. Nxe4 Qb6+ 20. Kh1 exf4 21. Qxf4 Nxe4 22. Bxe4 Bd6 23. Qf5 Bxe4 24. Rxe4 Bb8 25. Qh3 Rce8 26. Rg4 Qf6 27. Rg1 Ne5 28. Rf4 Qg6 29. Nd4 Ba7 30. c3 Nd3 31. Rf3 Nxc1 32. Rxc1 Bxd4 33. cxd4 Qe4 34. Qd7 Rd8 35. Qa7 Qxd4 36. Qxd4 Rxd4 37. h3 Rd6 38. Rc7 h5 39. b3 g6 40. a4 bxa4 41. bxa4 Rd4 42. a5 Rd5 43. Ra3 Kg7 44. Ra7 Rd6 45. Rb3 Re8 46. Rf3 Rf8 47. Rb3 h4 48. Kh2 Rd1 49. Rf3 Ra1 50. Rxa6 g5 51. Ra7 Kg6 52. Ra6+ f6 53. Rf2 Kg7 54. Ra7+ Kg6 55. Ra6 Kg7 56. Ra7+ Rf7 57. Ra6 f5 58. g3 hxg3+ 59. Kxg3 Rf6 60. Ra7+ Kg6 61. Re2 Ra3+ 62. Kg2 Rd6 63. Rb2 Kh5 64. Rh7+ Rh6 65. Rxh6+ Kxh6 66. Rb6+ Kh5 67. a6 f4 68. Rf6 Ra2+ 69. Kf3 Rh2 70. Rf8 Rxh3+ 71. Ke4 Ra3 72. Rf6 Kg4 73. Rb6 Kg3 0-1

[Event "Bykova Memorial (Women)"]
[Site "Vladimir"]
[Date "2004.12.08"]
[Round "2"]
[White "Kononenko, Tatiana"]
[Black "Shukurova, Meihriban"]
[Result "1/2-1/2"]
[WhiteElo "2305"]
[BlackElo "2281"]
[PlyCount "37"]
[EventDate "2004.12.07"]
[EventType "tourn"]
[EventRounds "11"]
[EventCountry "RUS"]
[EventCategory "3"]
[SourceTitle "CBM 103 Extra"]
[Source "ChessBase"]
[SourceDate "2005.01.01"]
[SourceVersion "1"]
[SourceVersionDate "2005.01.01"]
[SourceQuality "1"]

1. d4 Nf6 2. c4 c5 3. d5 b5 4. cxb5 a6 5. bxa6 d6 6. Nc3 g6 7. g3 Bg7 8. Bg2 0-0 9. Nf3 Nbd7 10. 0-0 Ng4 11. h3 Nge5 12. Nxe5 Nxe5 13. Rb1 Bf5 14. e4 Bc8 15. Qc2 Bxa6 16. Rd1 Qa5 17. Bg5 Ra7 18. Rbc1 Rb7 19. b3 1/2-1/2

[Event "Olympiad Women-36"]
[Site "Mallorca"]
[Date "2004.10.23"]
[Round "8.3"]
[White "Shukurova, Meihriban"]
[Black "Lomineishvili, Maia"]
[Result "1/2-1/2"]
[WhiteElo "2281"]
[BlackElo "2429"]
[PlyCount "60"]
[EventDate "2004.10.15"]
[EventType "team-swiss"]
[EventRounds "14"]
[EventCountry "ESP"]
[SourceTitle "CBM 102 Extra"]
[Source "ChessBase"]
[SourceDate "2004.11.03"]
[SourceVersion "1"]
[SourceVersionDate "2004.11.03"]
[SourceQuality "1"]
[WhiteTeam "Azerbaijan (W)"]
[BlackTeam "Georgia (W)"]
[WhiteTeamCountry "AZE"]
[BlackTeamCountry "GEO"]

1. e4 c5 2. Nf3 Nc6 3. Bb5 g6 4. Bxc6 dxc6 5. d3 Bg7 6. Nc3 Nf6 7. Be3 b6 8. h3 0-0 9. 0-0 Nd7 10. Nh2 e5 11. Qd2 Re8 12. f4 exf4 13. Bxf4 Ne5 14. Kh1 a5 15. a4 Ra7 16. Nf3 Nxf3 17. Rxf3 c4 18. Re1 cxd3 19. Rxd3 Rd7 20. e5 Rxd3 21. cxd3 f6 22. exf6 Rxe1+ 23. Qxe1 Bxf6 24. Qe4 Bd7 25. Be5 Qe7 26. d4 Kg7 27. Qf4 Bxe5 28. dxe5 Qf7 29. Qd4 c5 30. Qd6 Qf1+ 1/2-1/2

[Event "Olympiad Women-36"]
[Site "Mallorca"]
[Date "2004.10.22"]
[Round "7.3"]
[White "Krivec, Jana"]
[Black "Shukurova, Meihriban"]
[Result "1-0"]
[WhiteElo "2214"]
[BlackElo "2281"]
[PlyCount "67"]
[EventDate "2004.10.15"]
[EventType "team-swiss"]
[EventRounds "14"]
[EventCountry "ESP"]
[SourceTitle "CBM 102 Extra"]
[Source "ChessBase"]
[SourceDate "2004.11.03"]
[SourceVersion "1"]
[SourceVersionDate "2004.11.03"]
[SourceQuality "1"]
[WhiteTeam "Slovenia (W)"]
[BlackTeam "Azerbaijan (W)"]
[WhiteTeamCountry "SLO"]
[BlackTeamCountry "AZE"]

1. e4 e5 2. Nc3 Nc6 3. g3 Bc5 4. Bg2 h5 5. h3 h4 6. g4 Nge7 7. d3 Ng6 8. Nge2 a6 9. f4 exf4 10. Nxf4 Nxf4 11. Bxf4 d6 12. Qd2 Nd4 13. e5 Ne6 14. Bh2 dxe5 15. Bxe5 Bd6 16. Bxd6 Qxd6 17. 0-0-0 Bd7 18. Rhf1 Bc6 19. Bxc6+ Qxc6 20. d4 Qd6 21. d5 Nc5 22. Rde1+ Kf8 23. Qf2 f6 24. g5 Kf7 25. gxf6 gxf6 26. Re6 Nxe6 27. Qxf6+ Ke8 28. Qxh8+ Nf8 29. Ne4 Qb4 30. Qh5+ Kd8 31. Qxh4+ Kc8 32. Qh8 Kd7 33. Qg7+ Ke8 34. Qf7+ 1-0

[Event "Olympiad Women-36"]
[Site "Mallorca"]
[Date "2004.10.20"]
[Round "6.3"]
[White "Shukurova, Meihriban"]
[Black "Makropoulou, Marina"]
[Result "1/2-1/2"]
[WhiteElo "2281"]
[BlackElo "2270"]
[PlyCount "104"]
[EventDate "2004.10.15"]
[EventType "team-swiss"]
[EventRounds "14"]
[EventCountry "ESP"]
[SourceTitle "CBM 102 Extra"]
[Source "ChessBase"]
[SourceDate "2004.11.03"]
[SourceVersion "1"]
[SourceVersionDate "2004.11.03"]
[SourceQuality "1"]
[WhiteTeam "Azerbaijan (W)"]
[BlackTeam "Greece (W)"]
[WhiteTeamCountry "AZE"]
[BlackTeamCountry "GRE"]

1. d4 d5 2. c4 c6 3. Nf3 Nf6 4. e3 a6 5. Nc3 b5 6. b3 Bg4 7. Be2 e6 8. 0-0 Nbd7 9. h3 Bf5 10. Bb2 h6 11. Rc1 Bd6 12. Nb1 Qb8 13. cxb5 cxb5 14. Bd3 Ne4 15. Nc3 0-0 16. Qe2 Bh7 17. Bb1 f5 18. Ne1 Ndf6 19. Nd3 Qb7 20. Ne5 Rac8 21. Bd3 Nd7 22. Nb1 Nxe5 23. dxe5 Be7 24. Nd2 Bg6 25. Bb1 Bb4 26. Nxe4 fxe4 27. a3 Be7 28. Qd2 Bh5 29. Rxc8 Qxc8 30. f3 Bh4 31. fxe4 Rxf1+ 32. Kxf1 Qf8+ 33. Kg1 Bg6 34. Qe2 dxe4 35. Qf1 Qf5 36. b4 Bg3 37. Qxf5 exf5 38. Ba2+ Kf8 39. Be6 f4 40. Bd4 fxe3 41. Bxe3 Bxe5 42. Bc8 Bb2 43. Bxa6 Bxa3 44. Bc5+ Kf7 45. Bxb5 Ke6 46. Kf2 Kd5 47. Ba6 Bf5 48. Bf8 Bb2 49. Bb7+ Kc4 50. Ba6+ Kd5 51. Bb7+ Kc4 52. Ba6+ Kd5 1/2-1/2

[Event "Olympiad Women-36"]
[Site "Mallorca"]
[Date "2004.10.18"]
[Round "4.3"]
[White "Shukurova, Meihriban"]
[Black "Sanchez, Aliris"]
[Result "1-0"]
[WhiteElo "2281"]
[BlackElo "2095"]
[PlyCount "61"]
[EventDate "2004.10.15"]
[EventType "team-swiss"]
[EventRounds "14"]
[EventCountry "ESP"]
[SourceTitle "CBM 102 Extra"]
[Source "ChessBase"]
[SourceDate "2004.11.03"]
[SourceVersion "1"]
[SourceVersionDate "2004.11.03"]
[SourceQuality "1"]
[WhiteTeam "Azerbaijan (W)"]
[BlackTeam "Venezuela (W)"]
[WhiteTeamCountry "AZE"]
[BlackTeamCountry "VEN"]

1. e4 c5 2. Nc3 Nc6 3. Nf3 e6 4. Bb5 Nf6 5. 0-0 Qc7 6. Re1 d6 7. e5 Nd7 8. exd6 Bxd6 9. Nd5 Qd8 10. Bxc6 bxc6 11. Ne3 0-0 12. d3 Nf6 13. Nc4 Rb8 14. b3 Ba6 15. Nxd6 Qxd6 16. Bb2 Nd7 17. Ng5 Qf4 18. Nh3 Qf5 19. Re3 Rb4 20. Rf3 Qd5 21. c4 Qd6 22. Ng5 f6 23. Ne4 Qe7 24. Ba3 Rbb8 25. d4 Rfd8 26. Qe1 Bc8 27. Rd1 Qe8 28. Rfd3 cxd4 29. Rxd4 e5 30. R4d3 Bb7 31. Qd2 1-0